Les 114 films avec Annie Girardot - Statistiques

Statistiques générales
  • Ce quiz a été pris 6 fois
  • Le résultat moyen est 11 sur 114
Statistiques - réponses
Année Réalisateur Rôle Lettres Réponse % Correct
1970 M. Audiard Germaine EBPEFPEDPMEC Elle boit pas elle fume pas elle drague pas mais elle cause
80%
1978 C. Zidi Bernadette Daubray-Lacaze LZ La Zizanie
80%
1980 P. de Broca Lise Tanquerelle OAVLCDJ On a Volé la Cuisse de Jupiter
60%
1975 J.L. Bertuccelli Françoise Gailland DFG Docteur Françoise Gailland
40%
1972 M. Audiard Rosemonde ECPEF Elle cause plus elle flingue
40%
1972 A. Cayatte Sylvie Peyrac INYAPDFSF Il n'y a pas de Fumée sans Feu
40%
1990 C. Lelouch Une femme seule IYADJEDL Il y a des Jours et des Lunes
40%
1973 R. Forlani Juliette 1 JEJ Juliette et Juliette
40%
1972 J.P. Blanc Muriel Bouchon LVF La Vieille Fille
40%
1995 C. Lelouch La Thénardier 1942 LM Les Misérables
40%
1990 B. Blier Evangéline Pelleveau MLV Merci la Vie
40%
1969 C. Lelouch Françoise UHQMP Un Homme qui me Plait
40%
1967 C. Lelouch Catherine Colomb VPV Vivre Pour Vivre
40%
1985 B. Decout Colette AB Adieu Blaireau
20%
2005 M. Haneke La mère de Georges C Caché
20%
2006 R. Bohringer La Grand-mère CEBUVLN C'est Beau une Ville la Nuit
20%
1976 R. Pouret Jacqueline CAMQJTA Cours après moi que je t'Attrape
20%
1975 J.P. Blanc Mona DAEDEF D'Amour et d'Eau Fraiche
20%
1969 M. Ferreri La Fille DEM Diliinger est Mort
20%
1978 Y. Boisset Marie Arnault LCSLP La Clé sur la Porte
20%
1960 Christian-Jacque Danielle LFELA La Française et l'Amour
20%
1974 C. Pinoteau Hélène Douleau LG La Gifle
20%
1971 E. Molinaro Séverine LM La Mandarine
20%
2003 P. Vecchiali La Marquise LMEAB La Marquise est à Bicêtre
20%
2001 M. Haneke La mère LP La Pianiste
20%
1975 J. Giovanni Nini LG Le Gitan
20%
1978 L. Comencini Irène LGE Le Grand Embouteillage
20%
1967 S. Guerassimov Elle-même LJ Le Journaliste
20%
1957 G. Grangier Hélène LREM Le Rouge est Mis
20%
1996 S. Korber La mère de Robert LB Les Bidochon
20%
1984 A. Bonnot Jeanne Dufour LN Liste Noire
20%
1957 J. Delannoy Yvonne Maurin MTUP Maigret Tend un Piège
20%
1985 C. Lelouch Hélène Riviere PR Partir Revenir
20%
1960 L. Visconti Nadia RESF Rocco et ses Frères
20%
2000 P. Sebastien Emma TA T'Aime
20%
1977 P. de Broca Lise Tanquerelle TP Tendre Poulet
20%
1974 S. Korber Ursule UEG Ursule et Grelu
20%
1978 N. de Buron Annie VAM Vas-y Maman
20%
1976 A. Cayatte Madeleine Girard ACSE A Chacun son Enfer
0%
1964 U. Gregoretti Maria ALBF Ah Les Belles Familles
0%
1993 A. Lado La Comtesse AP Alibi Perfetto
0%
1990 L. Ginanneschi Marlène ABDG Au Bal des Grenouilles
0%
1979 W. Bal Magda BJ Bobo Jacco
0%
2007 J. Birkin Joséphine B Boxes
0%
1978 E. Molinaro Christine Clément CTTMI Cause Toujours tu m'Intéresses
0%
2001 R. Marconi La grand-mère d'Antoine CEMC Ceci est mon Corps
0%
2007 E. Lochen Odile C Christian
0%
1989 M. Legrand Marcelle CJEJ Cinq Jours en Juin
0%
1989 J.P. Rawson Le Fléau CDA Comédie d'Amour
0%
1964 P. Clair Sandra DEDC Déclic et des Claques
0%
1968 G. Patroni Griffi Giovanna DUSAD Disons un soir à diner
0%
1969 G. Pirès Annie E Erotissimo
0%
1965 Christian-Jaque Monique GS Guerre Secrète
0%
1975 C. Makovski Léone IFVD Il Faut Vivre Dangereusement
0%
1968 A. Petrovic Reza IPDMV Il Pleut dans mon Village
0%
1975 H. Soto Maria Olivarès IPSS Il Pleut sur Santiago
0%
1976 B. Lamy Mme Simone JDA Jambon d'Ardenne
0%
2005 E. Toledano O. Nakache Mme Mendelbaum JPQORA Je Préfère qu'on reste Amis
0%
1968 P. Fourastié Marie la Belge LBAB La Bande à Bonnot
0%
1964 R. Thomas Marie Paule II LBS La Bonne Soupe
0%
1959 J.C. Dudrumet Cora LCR La Corde Raide
0%
1998 J. Leduc Caroline Bonhomme LADB L'Age de Braise
0%
1978 A. Cayatte Suzanne Corbier LAEQ l'Amour en Question
0%
1957 M. Allegret Marie-Blanche Fayard LAEEJ L'Amour est en Jeu
0%
2002 U. Egger Hannah LNDE La Nuit d'Epstein
0%
1961 A. Astruc Anna LPPLO La Proie pour l'Ombre
0%
1981 P. Lary Jeanne Jouvert LR La Revanche
0%
1969 M. Ferreri L'étrangère LSDLH La Semence de l'Homme
0%
1963 F. Villiers Agnès Denis LAF L'Autre Femme
0%
1981 M. Mizrahi Jeanne Lemaire LVC La Vie Continue
0%
1981 J.C. Tramont L'institutrice LVEM La Vie en Mauve
0%
1961 D. de la Patellière Fernande LBDE Le Bateau d'Emile
0%
1978 P. de Broca Lucienne LC Le Cavaleur
0%
1970 G. Gilles Maria LCDT Le Clair de Terre
0%
1980 F. Appréderis Laure Rivière LCALE Le Coeur à l'Envers
0%
1961 G. Oury Gabrielle Fenayrou LCNPP Le Crime ne Paie Pas
0%
1977 D. Grassian Annie LDB Le Dernier Baiser
0%
1958 L. Joannon Josy LDDP Le Désert de Pigalle
0%
1963 B. Corbucci L'infirmière LJLPC Le Jour le plus Court
0%
1963 M. Ferreri Maria LMDLFAB Le Mari de la Femme à Barbe
0%
1977 J.C. Tramont Danièle Gaur LPDM Le Point de Mire
0%
1961 J. Delannoy Madeleine LRV Le Rendez Vous
0%
1961 M. Boisrond Mlle Duchesnois LAC Les Amours Célèbres
0%
1994 J.P. Salome La mère de Cécile LB Les Braqueuses
0%
1963 M. Monicelli Niobe LC Les Camarades
0%
1972 S. Korber Marie-Louise LFDLC Les Feux de la Chandeleur
0%
1968 M. Cournot La mère LGB Les Gauloises Bleues
0%
1963 T. et V. Orsini Margherita LHLLDM Les Hors la loi du Mariage
0%
1970 G. Casaril Mona Lisa LN Les Novices
0%
1975 F. Maselli Téresa LS Le Soupçon
0%
1964 D. Tessari Eleonora LPD Les Plaisirs Dangereux
0%
1966 L. Visconti Valeria LS Les Sorcières
0%
2006 D. Duval Alphonsine LTDPP Le Temps des Porte Plumes
0%
1962 R. Vadim Juliette Morand LVELV Le Vice et la Vertu
0%
1968 L. Bercovici Liliana LHDUF L'Histoire d'une Femme
0%
1956 L. Joannon Gisèle LHACDO L'Homme aux Clés d'Or
0%
1971 A. Cayatte Danièle Guénot MDA Mourir d'Aimer
0%
1950 A. Berthomieu (Figuration) PSGDP Pigalle Saint Germain des Prés
0%
1993 G.M. Garbelli Laura Albani PIMS Portagli i mei Saluti
0%
1998 G. DElacourt Blanche P Préférence
0%
1988 C. Silvera Marthe P Prisonnières
0%
1960 L. Benedek Lilla REG Recours en Grâce
0%
1956 G. Grangier Viviana RI Reproduction Interdite
0%
1988 V. Akhadov R Ruth
0%
1962 F. Rossi Gabriella S Smog
0%
1984 A. Zeitoun Emma Boccara SS Souvenirs Souvenirs
0%
1991 G. Mordillat Mme Chevillard TS Toujours Seuls
0%
1972 A. Jessua Hélène Masson TDC Traitement de Choc
0%
1955 A. Hunebelle Véronique Chambon TAT Treize à Table
0%
1965 M. Carné Kay Larsi TCAM Trois chambres à Manhattan
0%
1965 A. Giannetti Clara UFD Une Femme Disponible
0%
1981 J. Giovanni Florence Nat URNPUT Une Robe Noire pour un Tueur
0%
1964 P. de Broca Clara UMDC Un Monsieur de Compagnie
0%
2000 A. Low (Apparition) V Visconti
0%
Aucun quiz correspondant
Distribution des résultats
% des personnes avec chaque résultat
Percentile par nombre de réponses
Votre historique - résultats
Vous n’avez pas pris ce quiz